000 01423nam0a22002531 4500
001 rc\4803659
005 20250612221558.0
021 _aRU
_b[66-28384]
035 _a(NLR Aleph) 008873924
090 _a8539290
_c8539290
100 _a20130426d1966 |||y0rusy50 ca
101 0 _arus
102 _aRU
105 _ay z |||||
200 1 _aТезисы докладов и сообщений
_fИн-т проблем материаловедения АН УССР. Укр. респ. и Киевское обл. правл. НТО приборостроит. пром-сти. Киевское обл. правл. НТО машиностроит. пром-сти. Пятая респ. науч.-техн. конференция по обмену опытом производства и применения металлокерам. изделий. 29-31 марта 1966 г.
210 _aКиев
_cБ. и.
_d1966
215 _a33 с.
_d20
606 _aМеталлокерамические изделия
_jТезисы докладов
_2psbo
710 1 2 _aУкраинская респ. научно-техническая конференция по обмену опытом производства и применения металлокерамических изделий (5; 1966; Киев)
801 0 _aRU
_bNLR
_gpsbo
801 1 _aRU
_bELAR
_2rusmarc
852 _aNLR
_j66-4/5940
942 _cBOOK
980 _aNB